| 000 | 01221nam a2200253Ia 4500 | ||
|---|---|---|---|
| 003 | Ost | ||
| 005 | 20260507074921.0 | ||
| 008 | 260507s9999||||xx |||||||||||||| ||und|| | ||
| 020 | _a9957241362 | ||
| 040 | _cfsecg | ||
| 041 | _aara | ||
| 082 | _a1.42 | ||
| 100 |
_aعليان، ربحي مصطفى _eمؤلف |
||
| 245 | 0 |
_aأساليب البحث العلمي : _bالأسس النظرية والتطبيق العلمي / _c ربحي مصطفى عليان |
|
| 260 |
_aعمان: _bدار صفاء, _c2008 |
||
| 300 |
_a382 صفحة؛ _bإيضاحات ؛ _c25 سم |
||
| 504 | _aببليوغرافيا: ص.369 | ||
| 520 | _aالبحث العلمي، مناهج وأساليب البحث العلمي، مشكلة البحث وفرضياته، طرق وأدوات جمع المعلومات لأغراض البحث، العينات، المكتبة والبحث العلمي، الانترنيت والبحث العلمي، عرض وتحليل البيانات، توثيق البحث العلمي، كتابة تقرير البحث | ||
| 653 | _aالبحوث | ||
| 653 | _aالمناهج | ||
| 653 | _aطرق البحث | ||
| 700 |
_aغنيم، عثمان محمد _eمؤلف ثانوي |
||
| 942 | _cكتاب | ||
| 999 |
_c41799 _d41799 |
||